| 000 | 00601nam 22002053 4500 | ||
|---|---|---|---|
| 001 | 201018 | ||
| 010 | _a978-0-06-195072-8 | ||
| 090 | _a201018 | ||
| 100 | _a20260306d u||y0pory50 ba | ||
| 200 |
_aOrphan train _ea novel _fChristina Baker Kline |
||
| 205 | _a1ª | ||
| 210 |
_aNew York _cHarper Collins Publishers _d2012 |
||
| 215 |
_a278,[15] p. _cbrochado _d22 cm |
||
| 606 |
_916 _aLiteratura Americana |
||
| 610 | _aliteratura americana em inglês | ||
| 675 |
_a821.111(73)-3 _vUS _zeng |
||
| 700 |
_916689 _aKline _bChristina Baker |
||
| 801 |
_aPT _bBMMN _gRPC |
||
| 830 |
_cFernando _fFernando |
||
| 990 | _cLIVROS | ||